[Event "FIDE World Senior Team Championship 2020"]
[Site "Olympik hotel, Sokolovska 138,"]
[Date "2020.03.08"]
[Round "3.21"]
[White "Valentine, Brian J"]
[Black "Jedlicka, Vladimir"]
[Result "1/2-1/2"]
[WhiteElo "1942"]
[BlackElo "2068"]
[PlyCount "66"]
[EventDate "2020.03.06"]
[WhiteTeam "ENG2"]
[BlackTeam "CZE4"]

1. e4 c6 2. d4 d5 3. Nd2 dxe4 4. Nxe4 Nd7 5. Bd3 Ngf6 6. Nxf6+ Nxf6 7. Ne2 Bg4
8. c3 e6 9. h3 Bh5 10. Qb3 Qd7 11. Nf4 Bd6 12. Nxh5 Nxh5 13. Be3 Nf4 14. Be4
Nd5 15. O-O O-O 16. Rae1 Nxe3 17. fxe3 Rae8 18. Bb1 e5 19. a4 Bb8 20. Qc2 g6
21. Ba2 Qd6 22. g4 exd4 23. cxd4 Qg3+ 24. Qg2 Rxe3 25. Qxg3 Rxg3+ 26. Kf2 Bd6
27. Re3 Rxe3 28. Kxe3 g5 29. Rf5 Bf4+ 30. Kd3 Kg7 31. h4 f6 32. hxg5 Bxg5 33.
d5 Rd8 1/2-1/2

[Event "FIDE World Senior Team Championship 2020"]
[Site "Olympik hotel, Sokolovska 138,"]
[Date "2020.03.08"]
[Round "3.21"]
[White "Joukl, Zdenek"]
[Black "Ingham, H William"]
[Result "1-0"]
[WhiteElo "2047"]
[BlackElo "1875"]
[PlyCount "55"]
[EventDate "2020.03.06"]
[WhiteTeam "CZE4"]
[BlackTeam "ENG2"]

1. d4 Nf6 2. Nf3 d6 3. Bf4 Nh5 4. Bd2 Nf6 5. h3 Nbd7 6. Bf4 c6 7. Nbd2 Qa5 8.
c3 e5 9. dxe5 dxe5 10. Nc4 Qc7 11. Nfxe5 Nd5 12. Bg3 Bd6 13. Nxd6+ Qxd6 14.
Nxf7 Qf6 15. Nxh8 Nxc3 16. Qc2 Nd5 17. e4 Nf4 18. Bxf4 Qxf4 19. Bc4 Ne5 20. O-O
Bxh3 21. Bf7+ Nxf7 22. Nxf7 Bxg2 23. Nd6+ Qxd6 24. Kxg2 O-O-O 25. Rfd1 Qg6+ 26.
Kf1 Rf8 27. Qd3 Qe6 28. Rd2 1-0

[Event "FIDE World Senior Team Championship 2020"]
[Site "Olympik hotel, Sokolovska 138,"]
[Date "2020.03.08"]
[Round "3.21"]
[White "Ewart, Brian R"]
[Black "Jacek, Miloslav"]
[Result "0-1"]
[WhiteElo "1867"]
[BlackElo "1962"]
[PlyCount "94"]
[EventDate "2020.03.06"]
[WhiteTeam "ENG2"]
[BlackTeam "CZE4"]

1. d4 Nf6 2. c4 e6 3. g3 Bb4+ 4. Bd2 a5 5. Bg2 d5 6. Nf3 O-O 7. O-O Nc6 8. a3
Be7 9. Bf4 b6 10. Nc3 Bb7 11. Ne5 Nxe5 12. dxe5 Ne4 13. Nxe4 dxe4 14. Qc2 Bc5
15. Rad1 Qe7 16. Bxe4 Bxe4 17. Qxe4 Rad8 18. h4 h6 19. Kg2 Rd7 20. Rd3 Rfd8 21.
Rfd1 Rxd3 22. Rxd3 Rd7 23. Qa8+ Kh7 24. Qe4+ Kg8 25. Rxd7 Qxd7 26. Qd3 Qd4 27.
Qxd4 Bxd4 28. b4 a4 29. Bc1 Bxe5 30. Kf3 f5 31. e4 Kf7 32. exf5 exf5 33. Ke2
Ke6 34. Kd3 c6 35. h5 b5 36. cxb5 cxb5 37. Kc2 Kd5 38. Be3 Ke4 39. Bc5 Kf3 40.
Bb6 Kg4 41. Be3 Kxh5 42. Bc1 Kg4 43. Bb2 Bxb2 44. Kxb2 Kf3 45. Kc3 Kxf2 46. Kd4
Kxg3 47. Kc5 f4 0-1

[Event "FIDE World Senior Team Championship 2020"]
[Site "Olympik hotel, Sokolovska 138,"]
[Date "2020.03.08"]
[Round "3.23"]
[White "Koudelka, Ivan"]
[Black "Nyrhinen, Harri"]
[Result "1/2-1/2"]
[WhiteElo "1964"]
[BlackElo "1985"]
[PlyCount "47"]
[EventDate "2020.03.06"]
[WhiteTeam "CZE11"]
[BlackTeam "FIN1"]

1. e4 c6 2. d4 d5 3. Nc3 dxe4 4. Nxe4 Nd7 5. Nf3 Ngf6 6. Nxf6+ Nxf6 7. Ne5 Be6
8. c3 g6 9. Bd3 Bg7 10. O-O O-O 11. Re1 c5 12. dxc5 Qc7 13. c6 bxc6 14. Qe2 Nd7
15. Bf4 Nxe5 16. Bxe5 Qxe5 17. Qxe5 Bxe5 18. Rxe5 Rfd8 19. Re3 Rd7 20. Kf1 Rad8
21. Ke2 Bd5 22. g3 Kf8 23. b3 f6 24. Rd1 1/2-1/2

[Event "FIDE World Senior Team Championship 2020"]
[Site "Olympik hotel, Sokolovska 138,"]
[Date "2020.03.08"]
[Round "3.23"]
[White "Lehtosaari, Kalevi"]
[Black "Urban, Miroslav"]
[Result "1-0"]
[WhiteElo "1998"]
[BlackElo "1807"]
[PlyCount "47"]
[EventDate "2020.03.06"]
[WhiteTeam "FIN1"]
[BlackTeam "CZE11"]

1. c4 Nf6 2. Nc3 e6 3. e4 d5 4. e5 Ne4 5. d4 Bb4 6. Qc2 O-O 7. Nf3 c5 8. Bd3 f5
9. exf6 Nxf6 10. Be3 dxc4 11. Bxc4 Nc6 12. Rd1 Qa5 13. O-O Bxc3 14. bxc3 b5 15.
Bd3 c4 16. Be4 Bb7 17. Ng5 Rae8 18. Bxh7+ Kh8 19. Bg6 Re7 20. f3 Qc7 21. Qf2 e5
22. Qh4+ Kg8 23. Bh7+ Kh8 24. Bf5+ 1-0

[Event "FIDE World Senior Team Championship 2020"]
[Site "Olympik hotel, Sokolovska 138,"]
[Date "2020.03.08"]
[Round "3.23"]
[White "Chybny, Zdenek"]
[Black "Ruotanen, Helge"]
[Result "0-1"]
[WhiteElo "1776"]
[BlackElo "1927"]
[PlyCount "78"]
[EventDate "2020.03.06"]
[WhiteTeam "CZE11"]
[BlackTeam "FIN1"]

1. c4 g6 2. Nc3 Bg7 3. d4 d6 4. Nf3 Nf6 5. g3 O-O 6. Bg2 Bg4 7. h3 Bd7 8. O-O
Nc6 9. d5 Nb4 10. Ne1 c6 11. e4 cxd5 12. cxd5 a5 13. a3 Na6 14. Nd3 b5 15. Be3
Rc8 16. Ne2 Rc4 17. b3 Rxe4 18. Bxe4 Nxe4 19. Rc1 Bxh3 20. Re1 Bg4 21. Qc2 e5
22. Nxe5 Bxe5 23. Qxe4 Bf5 24. Qg2 Bb2 25. Rc6 Nb8 26. Rb6 Bxa3 27. Rxb5 Bb4
28. Rd1 Re8 29. Nd4 Bg4 30. f3 Bd7 31. Nc6 Bxc6 32. dxc6 Rxe3 33. Rc1 Bc5 34.
Kf1 Nxc6 35. f4 Qe8 36. Qd5 Nb4 37. Qb7 Nd3 38. Rxa5 Re1+ 39. Kg2 Qe2+ 0-1

[Event "FIDE World Senior Team Championship 2020"]
[Site "Olympik hotel, Sokolovska 138,"]
[Date "2020.03.08"]
[Round "3.24"]
[White "Mozna, Eva"]
[Black "Bartonicek, Zdenek"]
[Result "0-1"]
[WhiteElo "1907"]
[BlackElo "1949"]
[PlyCount "100"]
[EventDate "2020.03.06"]
[WhiteTeam "CZEW"]
[BlackTeam "CZE8"]

1. d4 Nf6 2. Nf3 g6 3. c4 Bg7 4. g3 O-O 5. Bg2 Na6 6. O-O d6 7. Nc3 Bf5 8. Nh4
Bc8 9. Nf3 c6 10. e4 Be6 11. Qe2 h6 12. h3 Re8 13. Kh2 Qa5 14. Nd2 Qh5 15. Qxh5
Nxh5 16. Ne2 Nb4 17. g4 Nf6 18. a3 Nd3 19. f4 Nxc1 20. Raxc1 Bd7 21. f5 g5 22.
b3 Red8 23. Rc2 Ne8 24. Nf3 Rdb8 25. a4 a5 26. Kg3 Nc7 27. h4 gxh4+ 28. Nxh4
Na6 29. Rd2 b5 30. axb5 cxb5 31. Ra2 bxc4 32. bxc4 a4 33. Nf3 Rb3 34. Kh2 Rab8
35. Rc1 Rb2 36. Rxb2 Rxb2 37. Nf4 a3 38. Nd3 Rb3 39. Bf1 Bc6 40. Nd2 Rb8 41.
Ra1 Bxd4 42. Rxa3 Nc5 43. Nxc5 Bxc5 44. Ra2 Kg7 45. Kg3 Bd4 46. Kf3 Kf6 47. Bd3
Kg5 48. Rc2 Rb4 49. Ra2 h5 50. gxh5 Kxh5 {unreadable (77)} 0-1

[Event "FIDE World Senior Team Championship 2020"]
[Site "Olympik hotel, Sokolovska 138,"]
[Date "2020.03.08"]
[Round "3.24"]
[White "Fabian, Jan"]
[Black "Pribylova, Ruzena"]
[Result "1-0"]
[WhiteElo "1896"]
[BlackElo "1823"]
[PlyCount "81"]
[EventDate "2020.03.06"]
[WhiteTeam "CZE8"]
[BlackTeam "CZEW"]

1. e4 c5 2. Nc3 d6 3. d3 Nf6 4. f4 Nc6 5. Nf3 a6 6. a4 e6 7. Bd2 Be7 8. Ne2 Qc7
9. a5 O-O 10. h3 d5 11. e5 Nd7 12. g4 b5 13. axb6 Qxb6 14. Bg2 a5 15. O-O c4+
16. d4 Ba6 17. c3 Rfb8 18. Bc1 Bb5 19. f5 Ndxe5 20. Nxe5 Nxe5 21. fxe6 fxe6 22.
Nf4 Nf7 23. Qe2 Ra7 24. Nxe6 Bc6 25. Nf4 Rd8 26. Qe6 Rd6 27. Qxf7+ Kxf7 28.
Nxd5+ Ke8 29. Nxb6 Bxg2 30. Nxc4 Bxh3 31. Nxd6+ Bxd6 32. Re1+ Kf7 33. g5 Ra6
34. c4 Bb4 35. Re4 Bf5 36. Re5 Bd3 37. c5 Bc2 38. Be3 Bb3 39. d5 a4 40. d6 Be6
41. Rf1+ 1-0

[Event "FIDE World Senior Team Championship 2020"]
[Site "Olympik hotel, Sokolovska 138,"]
[Date "2020.03.08"]
[Round "3.24"]
[White "Modrova, Hana"]
[Black "Becvar, Miroslav"]
[Result "1/2-1/2"]
[WhiteElo "1810"]
[BlackElo "1857"]
[PlyCount "68"]
[EventDate "2020.03.06"]
[WhiteTeam "CZEW"]
[BlackTeam "CZE8"]

1. d4 e6 2. Nf3 d5 3. Bg5 Nf6 4. e3 Be7 5. Bd3 b6 6. Nbd2 c5 7. c3 O-O 8. O-O
Bb7 9. Ne5 Nbd7 10. f4 Ne4 11. Bxe7 Qxe7 12. Nxd7 Qxd7 13. Bxe4 dxe4 14. dxc5
bxc5 15. Nb3 Qb5 16. a4 Qb6 17. a5 Qb5 18. Qc2 Rfd8 19. c4 Qb4 20. Rad1 f5 21.
h3 Ba6 22. Rxd8+ Rxd8 23. Rd1 Rxd1+ 24. Qxd1 Bxc4 25. Qd8+ Kf7 26. Qc7+ Kg6 27.
Nxc5 Qe1+ 28. Kh2 Qxe3 29. Qe5 Kh5 30. Qc7 Qd2 31. Nxe4 fxe4 32. Qe5+ Kg6 33.
Qxe4+ Kf6 34. Qxc4 Qxb2 1/2-1/2

[Event "FIDE World Senior Team Championship 2020"]
[Site "Olympik hotel, Sokolovska 138,"]
[Date "2020.03.08"]
[Round "3.25"]
[White "Johnsen, Oystein"]
[Black "Fleuch, Hans-Juergen"]
[Result "1-0"]
[WhiteElo "1971"]
[BlackElo "1948"]
[PlyCount "69"]
[EventDate "2020.03.06"]
[WhiteTeam "NOR2"]
[BlackTeam "GER10"]

1. d4 d6 2. c4 Nf6 3. Nc3 g6 4. e4 Bg7 5. h3 O-O 6. Nf3 Na6 7. Be2 e5 8. dxe5
dxe5 9. Be3 Qxd1+ 10. Rxd1 Re8 11. a3 c6 12. O-O Nh5 13. Rfe1 Nf4 14. Bf1 h6
15. Kh2 Nc7 16. g3 Nfe6 17. c5 Nf8 18. Nd2 Be6 19. Bc4 Red8 20. Bxe6 Nfxe6 21.
Nc4 Nd4 22. Kg2 Nce6 23. b4 Nc2 24. Rxd8+ Rxd8 25. Rd1 Rxd1 26. Nxd1 Ned4 27.
Nc3 Nxe3+ 28. fxe3 Ne6 29. Na5 Nd8 30. Na4 Bf6 31. Nc4 Kf8 32. Nab2 Ke7 33. Nd6
Kd7 34. Nbc4 Kc7 35. Ne8+ 1-0

[Event "FIDE World Senior Team Championship 2020"]
[Site "Olympik hotel, Sokolovska 138,"]
[Date "2020.03.08"]
[Round "3.25"]
[White "Tichatschke, Wolfgang"]
[Black "Taksrud, Vidar"]
[Result "0-1"]
[WhiteElo "1974"]
[BlackElo "1910"]
[PlyCount "124"]
[EventDate "2020.03.06"]
[WhiteTeam "GER10"]
[BlackTeam "NOR2"]

1. e4 d5 2. exd5 Nf6 3. d4 Nxd5 4. Nf3 c6 5. Be2 g6 6. O-O Bg7 7. c4 Nc7 8. Nc3
O-O 9. Be3 Nd7 10. Qd2 Nf6 11. Bh6 Ne6 12. Bxg7 Kxg7 13. d5 Nc7 14. Rad1 cxd5
15. cxd5 Qd6 16. h3 Rd8 17. Bc4 Rb8 18. Qe2 a6 19. Bb3 b5 20. Rfe1 Re8 21. Ne4
Nxe4 22. Qxe4 Bb7 23. Rd2 Rbd8 24. Red1 Qf6 25. Qe3 Na8 26. Ne5 Nb6 27. Ng4 Qd6
28. Qd4+ f6 29. Ne3 Nd7 30. Qg4 Kh8 31. h4 Nc5 32. Bc2 Bc8 33. Qd4 Kg7 34. h5
Nb7 35. hxg6 hxg6 36. Qg4 f5 37. Qd4+ Qf6 38. Qf4 Nd6 39. Qd4 f4 40. Nf1 Nc4
41. Re2 Nxb2 42. Qxf6+ Kxf6 43. Rd4 e5 44. Rb4 Nc4 45. Be4 Nd6 46. f3 a5 47.
Rbb2 Ba6 48. Rec2 Rc8 49. Nd2 Rxc2 50. Bxc2 Rc8 51. Ne4+ Nxe4 52. Bxe4 b4 53.
Rd2 Rc1+ 54. Kh2 Bc8 55. g3 Bd7 56. g4 Ba4 57. g5+ Kf7 58. d6 Rd1 59. Rd5 Rxd5
60. Bxd5+ Ke8 61. Be6 Bc2 62. Kg2 a4 0-1

[Event "FIDE World Senior Team Championship 2020"]
[Site "Olympik hotel, Sokolovska 138,"]
[Date "2020.03.08"]
[Round "3.25"]
[White "Henrichsen, Erland"]
[Black "Fitzke, Ulrich"]
[Result "1-0"]
[WhiteElo "1901"]
[BlackElo "1803"]
[PlyCount "75"]
[EventDate "2020.03.06"]
[WhiteTeam "NOR2"]
[BlackTeam "GER10"]

1. d4 d5 2. Nc3 e6 3. Bf4 Bd6 4. Bg3 Nf6 5. e3 c6 6. Nf3 Qc7 7. Bd3 Nbd7 8. e4
dxe4 9. Nxe4 Nxe4 10. Bxe4 e5 11. Qe2 f6 12. O-O-O O-O 13. Nh4 Rd8 14. Qh5 Nf8
15. dxe5 fxe5 16. Nf3 Be6 17. Ng5 h6 18. Bh7+ Kh8 19. Bg6 Qe7 20. Nxe6 Qxe6 21.
Bf7 Qf6 22. Rxd6 Qxd6 23. Bxe5 Qd2+ 24. Kb1 Qg5 25. Qxg5 hxg5 26. g4 Rd2 27. h4
Rad8 28. Kc1 gxh4 29. Rxh4+ Nh7 30. b3 Re2 31. f4 Rdd2 32. Bg6 Rh2 33. Rxh7+
Rxh7 34. Kxd2 Rh2+ 35. Ke3 Kg8 36. Kd4 Rd2+ 37. Ke3 Kf8 38. Kxd2 1-0

[Event "FIDE World Senior Team Championship 2020"]
[Site "Olympik hotel, Sokolovska 138,"]
[Date "2020.03.08"]
[Round "3.25"]
[White "Baumgarten, Werner"]
[Black "Thjomoe, Hans Richard"]
[Result "1-0"]
[WhiteElo "1769"]
[BlackElo "1874"]
[PlyCount "30"]
[EventDate "2020.03.06"]
[WhiteTeam "GER10"]
[BlackTeam "NOR2"]

{[%evp 0,30,19,-15,47,2,24,-16,49,49,56,23,59,16,50,33,35,4,18,3,34,22,25,10,
74,41,171,45,153,79,86,86,88]} 1. c4 f5 2. g3 Nf6 3. Bg2 e6 4. Nc3 Be7 5. d3 c6
6. a3 d6 7. b4 O-O 8. Nh3 e5 9. O-O Qe8 10. f4 Qh5 11. Nf2 exf4 12. Bxf4 g6 13.
Bc1 f4 14. gxf4 Ng4 15. Nxg4 Bxg4 {unreadable (39)} 1-0

[Event "FIDE World Senior Team Championship 2020"]
[Site "Olympik hotel, Sokolovska 138, Prague"]
[Date "2020.03.09"]
[Round "4.1.1"]
[White "Jansa, Vlastimil"]
[Black "Knaak, Rainer"]
[Result "1/2-1/2"]
[WhiteElo "2439"]
[BlackElo "2478"]
[PlyCount "45"]
[WhiteTeam "CZE1"]
[BlackTeam "GER1"]
[EventDate "2020.03.06"]

1. e4 e6 2. d4 d5 3. Nd2 c5 4. Ngf3 Nf6 5. exd5 exd5 6. Bb5+ Bd7 7. Bxd7+ Nbxd7
8. O-O Be7 9. dxc5 Nxc5 10. Re1 O-O 11. Nf1 Re8 12. Be3 Qc7 13. Bd4 Nce4 14.
Ne3 Red8 15. c3 Bc5 16. Qc2 Bxd4 17. Nxd4 g6 18. Rad1 Nd6 19. h3 Nc4 20. Nxc4
dxc4 21. Rd2 a6 22. Rde2 Re8 23. Rxe8+ 1/2-1/2

[Event "FIDE World Senior Team Championship 2020"]
[Site "Olympik hotel, Sokolovska 138, Prague"]
[Date "2020.03.09"]
[Round "4.1.2"]
[White "Chevelevitch, Evgueni, Dr."]
[Black "Hausner, Ivan"]
[Result "1-0"]
[WhiteElo "2391"]
[BlackElo "2339"]
[PlyCount "115"]
[WhiteTeam "GER1"]
[BlackTeam "CZE1"]
[EventDate "2020.03.06"]

1. e4 c5 2. Nf3 Nf6 3. e5 Nd5 4. Nc3 e6 5. Nxd5 exd5 6. d4 Nc6 7. dxc5 Bxc5 8.
Qxd5 d6 9. exd6 Qb6 10. Qe4+ Be6 11. Qh4 O-O 12. Be2 Qb4+ 13. c3 Qxh4 14. Nxh4
Rfe8 15. Be3 Bxe3 16. fxe3 Rad8 17. Nf3 Rxd6 18. Kf2 Rd7 19. Rhd1 Rde7 20. Bb5
Bg4 21. Re1 Re6 22. Rad1 a6 23. Bxc6 Rxc6 24. Rd4 Be6 25. a3 Kf8 26. Nd2 Bc8
27. Ne4 Be6 28. Red1 h6 29. R1d2 Ke7 30. Rd6 Rec8 31. Rxc6 Rxc6 32. Rd4 Rc7 33.
Rb4 Bd5 34. Nd2 Ke8 35. e4 Be6 36. Rb6 Kd8 37. Ke3 Rd7 38. Rb4 Kc7 39. a4 Re7
40. Kf4 Bd7 41. a5 Re6 42. Rc4+ Kb8 43. Rc5 b6 44. axb6 Rxb6 45. b4 Rf6+ 46.
Ke3 Bc6 47. Nf3 Bb7 48. g3 Re6 49. Re5 Rc6 50. Kd3 Rc7 51. Re8+ Bc8 52. Nd4 Kb7
53. c4 Bh3 54. Kc3 g6 55. Nb3 Kc6 56. Na5+ Kd7 57. Ra8 Bg2 58. Kd4 1-0

[Event "FIDE World Senior Team Championship 2020"]
[Site "Olympik hotel, Sokolovska 138, Prague"]
[Date "2020.03.09"]
[Round "4.1.3"]
[White "Lechtynsky, Jiri"]
[Black "Hort, Vlastimil"]
[Result "1/2-1/2"]
[WhiteElo "2330"]
[BlackElo "2397"]
[PlyCount "47"]
[WhiteTeam "CZE1"]
[BlackTeam "GER1"]
[EventDate "2020.03.06"]

1. d4 Nf6 2. Nf3 g6 3. c4 Bg7 4. Nc3 d5 5. Bg5 Ne4 6. cxd5 Nxc3 7. bxc3 Qxd5 8.
e3 Bg4 9. Bh4 Nd7 10. Be2 e5 11. O-O exd4 12. cxd4 O-O 13. h3 Bf5 14. Nd2 c6
15. Bf3 Qd6 16. Qb3 Nb6 17. a4 Be6 18. Qc2 f5 19. a5 Nd5 20. Nc4 Qd7 21. Ne5
Bxe5 22. dxe5 h6 23. Bxd5 Bxd5 24. Bf6 1/2-1/2

[Event "FIDE World Senior Team Championship 2020"]
[Site "Olympik hotel, Sokolovska 138, Prague"]
[Date "2020.03.09"]
[Round "4.2.1"]
[White "Balashov, Yuri S"]
[Black "Vaisser, Anatoly"]
[Result "1/2-1/2"]
[WhiteElo "2465"]
[BlackElo "2495"]
[PlyCount "101"]
[WhiteTeam "RUS"]
[BlackTeam "FRA"]
[EventDate "2020.03.06"]

1. d4 f5 2. Bg5 g6 3. Nc3 Bg7 4. e4 fxe4 5. Nxe4 d5 6. Nc3 Nc6 7. Bb5 Qd6 8.
Nge2 a6 9. Bf4 e5 10. dxe5 Bxe5 11. Bxe5 Qxe5 12. Bxc6+ bxc6 13. Qd4 Qxd4 14.
Nxd4 Kd7 15. O-O-O Nf6 16. Rhe1 Kd6 17. f3 Bd7 18. Nb3 Rab8 19. Ne4+ Nxe4 20.
fxe4 Rb4 21. a3 Ra4 22. Rd2 Re8 23. e5+ Ke7 24. Nc5 Rc4 25. Nxa6 Ra8 26. e6
Rxa6 27. exd7+ Kxd7 28. Rf2 Rh4 29. h3 Raa4 30. Rf7+ Kd6 31. Ref1 Rac4 32. b3
Rc3 33. Kb2 d4 34. a4 Re4 35. R1f4 Rxf4 36. Rxf4 Ke5 37. Rf7 Rg3 38. Rxc7 Kd6
39. Rxh7 Rxg2 40. Rh4 Kc5 41. Rg4 Rh2 42. Rg3 Rf2 43. Kc1 Kb4 44. Rxg6 c5 45.
Rg3 c4 46. bxc4 Kxa4 47. Rg4 Rh2 48. h4 Kb4 49. Rxd4 Kc3 50. Rd3+ Kxc4 51. Ra3
1/2-1/2

[Event "FIDE World Senior Team Championship 2020"]
[Site "Olympik hotel, Sokolovska 138, Prague"]
[Date "2020.03.09"]
[Round "4.2.3"]
[White "Rashkovsky, Nukhim N"]
[Black "Boudre, Jean-Pierre"]
[Result "1-0"]
[WhiteElo "2440"]
[BlackElo "2263"]
[PlyCount "99"]
[WhiteTeam "RUS"]
[BlackTeam "FRA"]
[EventDate "2020.03.06"]

1. Nf3 c5 2. g3 b6 3. Bg2 Bb7 4. O-O Nf6 5. d3 g6 6. e4 d6 7. e5 dxe5 8. Nxe5
Bxg2 9. Kxg2 Qd5+ 10. Qf3 Qxf3+ 11. Kxf3 Nd5 12. c3 Bg7 13. Re1 Bxe5 14. Rxe5
e6 15. Re1 Nc6 16. Na3 O-O-O 17. Nc4 Rhe8 18. a4 f6 19. h4 h5 20. Bh6 Rd7 21.
Rad1 Nc7 22. Ke2 e5 23. Bc1 Kb7 24. f3 a6 25. Nd2 f5 26. Nb3 Ne6 27. Bg5 b5 28.
axb5 axb5 29. Ra1 Kb6 30. Ra2 Ra7 31. Rxa7 Nxa7 32. Be3 f4 33. Bf2 fxg3 34.
Bxg3 Nc6 35. Kd2 c4 36. Bf2+ Kc7 37. dxc4 bxc4 38. Nc5 Kd6 39. Ne4+ Kc7 40. Rg1
Nf4 41. Kc2 Rf8 42. Bc5 Rd8 43. Nd2 Rd3 44. Nxc4 Rxf3 45. Bd6+ Kb7 46. Bxe5
Rf2+ 47. Kb3 Nd3 48. Bd6 Rf6 49. Rd1 Nf2 50. Re1 1-0

[Event "FIDE World Senior Team Championship 2020"]
[Site "Olympik hotel, Sokolovska 138, Prague"]
[Date "2020.03.09"]
[Round "4.3.1"]
[White "Birnboim, Nathan"]
[Black "Pruefer, Friedbert, Dr."]
[Result "0-1"]
[WhiteElo "2369"]
[BlackElo "2214"]
[PlyCount "121"]
[WhiteTeam "ISR1"]
[BlackTeam "GER4"]
[EventDate "2020.03.06"]

1. d4 Nf6 2. c4 e5 3. dxe5 Ng4 4. Nf3 Bc5 5. e3 Nc6 6. Be2 O-O 7. O-O Re8 8.
Nd4 Ngxe5 9. f4 Ng6 10. f5 Nge5 11. f6 g6 12. Nc3 b6 13. a3 a5 14. b3 Bb7 15.
Kh1 Bf8 16. Ndb5 Na7 17. e4 Nxb5 18. cxb5 Re6 19. Bg5 c6 20. Qd2 Rc8 21. Qf4 h6
22. Bxh6 Bxh6 23. Qxh6 Rxf6 24. Rf4 Rxf4 25. Qxf4 Qe7 26. Na4 cxb5 27. Bxb5 Qe6
28. Rf1 Bc6 29. Nc3 Bxb5 30. Nxb5 Nd3 31. Qf3 Qxb3 32. Nd6 Rf8 33. e5 Nc5 34.
Qf4 Qe6 35. Rf3 Kg7 36. Qg3 f5 37. h3 Ne4 38. Nxe4 fxe4 39. Re3 Qf5 40. Qe1
Qf1+ 41. Kh2 Qxe1 42. Rxe1 Re8 43. Rxe4 d6 44. Rd4 dxe5 45. Rd6 Rb8 46. Re6 b5
47. Rxe5 b4 48. axb4 axb4 49. Re1 b3 50. Kg3 b2 51. Rb1 Kf6 52. Kf3 Kf5 53. Kg3
Ke4 54. h4 Kd3 55. Kf4 Rb5 56. Rh1 b1=Q 57. Rxb1 Rxb1 58. Kg5 Rg1 59. Kxg6
Rxg2+ 60. Kh6 Ke4 61. h5 0-1

[Event "FIDE World Senior Team Championship 2020"]
[Site "Olympik hotel, Sokolovska 138, Prague"]
[Date "2020.03.09"]
[Round "4.4.1"]
[White "Mojzis, Jaroslav"]
[Black "Farago, Ivan"]
[Result "0-1"]
[WhiteElo "2074"]
[BlackElo "2359"]
[PlyCount "150"]
[WhiteTeam "CZE5"]
[BlackTeam "HUN"]
[EventDate "2020.03.06"]

1. d4 Nf6 2. Nf3 e6 3. g3 c5 4. Bg2 Qb6 5. O-O Nc6 6. e3 d5 7. b3 cxd4 8. exd4
Be7 9. Bb2 O-O 10. Nbd2 Rd8 11. Qe2 Bd7 12. c4 dxc4 13. Nxc4 Qb5 14. Nfe5 Be8
15. Rfd1 Nb4 16. Qf3 Rab8 17. a4 Qa6 18. Bf1 Bc6 19. Qf4 Nbd5 20. Qc1 Be8 21.
Ba3 Bxa3 22. Qxa3 b5 23. axb5 Qxa3 24. Rxa3 Nc3 25. Rd3 Nxb5 26. Ra6 Nd5 27.
Ra1 Nb4 28. Rd2 f6 29. Nf3 Bh5 30. Ne1 Nc6 31. d5 exd5 32. Na5 Nbd4 33. Nxc6
Nxc6 34. Bg2 Bf7 35. Ra6 Rb6 36. Rxb6 axb6 37. Nc2 Kf8 38. Ne3 Ne7 39. Rd4 Ke8
40. Kf1 Be6 41. Ke1 Rd7 42. Kd1 Kd8 43. Kc1 Kc7 44. Kb2 Kc6 45. Rc4+ Kb5 46.
Rc1 Ka6 47. Rd1 b5 48. Nc2 Nc6 49. Nd4 Nxd4 50. Rxd4 Kb6 51. b4 Rc7 52. Rd2 Rc4
53. Bxd5 Bxd5 54. Rxd5 Rxb4+ 55. Kc3 Rc4+ 56. Kb3 Kc6 57. Rd8 Re4 58. Rg8 Re7
59. Kc3 Kd5 60. Kd3 Rb7 61. Rd8+ Ke5 62. h3 b4 63. Re8+ Kf5 64. Re2 b3 65. Rb2
h5 66. Ke3 g5 67. Kf3 h4 68. gxh4 gxh4 69. Ke3 Ke5 70. Kd3 Kf4 71. Ke2 Ke4 72.
Ke1 Kd3 73. Kd1 Kc3 74. Kc1 Re7 75. Rc2+ bxc2 0-1

[Event "FIDE World Senior Team Championship 2020"]
[Site "Olympik hotel, Sokolovska 138, Prague"]
[Date "2020.03.09"]
[Round "4.4.2"]
[White "Horvath, Tamas"]
[Black "Trojan, Lubos"]
[Result "1-0"]
[WhiteElo "2304"]
[BlackElo "1928"]
[PlyCount "37"]
[WhiteTeam "HUN"]
[BlackTeam "CZE5"]
[EventDate "2020.03.06"]

1. e4 e6 2. d4 d5 3. Nd2 dxe4 4. Nxe4 Nd7 5. Nf3 Ngf6 6. Nxf6+ Nxf6 7. Be3 Be7
8. Bd3 c6 9. Qe2 Qa5+ 10. c3 Qc7 11. O-O-O Bd7 12. Ne5 c5 13. Nxd7 Nxd7 14.
dxc5 a6 15. h4 Nxc5 16. Bc2 b5 17. Bd4 Bf6 18. Qf3 Ke7 19. Bxc5+ 1-0

[Event "FIDE World Senior Team Championship 2020"]
[Site "Olympik hotel, Sokolovska 138, Prague"]
[Date "2020.03.09"]
[Round "4.4.3"]
[White "Just, Pavel"]
[Black "Hardicsay, Peter"]
[Result "0-1"]
[WhiteElo "1954"]
[BlackElo "2203"]
[PlyCount "110"]
[WhiteTeam "CZE5"]
[BlackTeam "HUN"]
[EventDate "2020.03.06"]

1. e4 c5 2. Nf3 Nc6 3. c4 d6 4. d4 cxd4 5. Nxd4 e5 6. Nxc6 bxc6 7. Nc3 Nf6 8.
Be2 Be7 9. O-O O-O 10. Be3 Be6 11. Qd2 Qc7 12. Rac1 Qb7 13. Bg5 Rad8 14. Qc2 h6
15. Bxf6 Bxf6 16. Rcd1 Rd7 17. b3 Bd8 18. Bf3 Bb6 19. Ne2 Bc5 20. Rd2 a5 21.
Nc3 Bd4 22. Ne2 Bc5 23. Nc3 Rdd8 24. Na4 Bd4 25. Nc3 Qb4 26. Ne2 Bc5 27. Nc3
Rb8 28. Rfd1 Bd4 29. Na4 Rfd8 30. g3 Rf8 31. g4 Rfd8 32. h3 Rbc8 33. Kg2 Re8
34. Re2 Re7 35. Rde1 Rb7 36. Rd1 Rbb8 37. Rc1 Rd8 38. Rce1 c5 39. Rh1 Bd7 40.
Nb2 Qa3 41. Nd3 a4 42. Nc1 Rb7 43. Rd1 Ra8 44. Kg3 Rba7 45. Kg2 axb3 46. axb3
Qa5 47. Rd3 Qd8 48. Rd1 Qh4 49. Rh1 Ra1 50. Qd3 R8a3 51. Qc2 g6 52. Rd2 h5 53.
gxh5 gxh5 54. Kf1 Rxc1+ 55. Qxc1 Ra1 0-1

[Event "FIDE World Senior Team Championship 2020"]
[Site "Olympik hotel, Sokolovska 138, Prague"]
[Date "2020.03.09"]
[Round "4.6.4"]
[White "Herbrechtsmeier, Christof"]
[Black "Staechelin, Ruedi"]
[Result "1-0"]
[WhiteElo "2177"]
[BlackElo "1994"]
[PlyCount "129"]
[WhiteTeam "GER3"]
[BlackTeam "SUI"]
[EventDate "2020.03.06"]

1. e4 e5 2. Nf3 Nc6 3. Bc4 Nf6 4. Ng5 Bc5 5. Bxf7+ Ke7 6. Bb3 Rf8 7. d3 Qe8 8.
Be3 Bb6 9. Qe2 d6 10. Nd2 Qg6 11. Ngf3 h6 12. O-O-O Ng4 13. h3 Nxe3 14. fxe3
Na5 15. d4 Nxb3+ 16. axb3 exd4 17. exd4 Kf7 18. Qc4+ Qe6 19. d5 Qe7 20. Rde1
Kg8 21. e5 Bf5 22. Re2 Kh8 23. Rhe1 Rad8 24. e6 c6 25. Qh4 Rfe8 26. Qh5 Bh7 27.
Nh4 Qg5 28. Qxg5 hxg5 29. Nhf3 Re7 30. Nxg5 Bg6 31. dxc6 bxc6 32. c3 Kg8 33.
Nc4 Bc7 34. Rd2 Be8 35. Ne3 Bg6 36. Rf1 Bb6 37. Nc4 Bc7 38. b4 Be8 39. Rdf2 Bg6
40. Na5 Bxa5 41. bxa5 Rde8 42. Kd2 Rb7 43. b4 Rb5 44. h4 Rd5+ 45. Kc1 Re5 46.
Rd1 d5 47. Kd2 Bf5 48. Re1 Rxe1 49. Kxe1 Bxe6 50. Re2 Bd7 51. Rxe8+ Bxe8 52.
Kd2 Kf8 53. Ke3 Ke7 54. Kd4 Kd6 55. g4 Bg6 56. Nf3 Bc2 57. Ne5 Bd1 58. c4 dxc4
59. Nxc4+ Kc7 60. Ne3 Bf3 61. h5 Be2 62. Nf5 Bxg4 63. Nxg7 Bd1 64. h6 Bc2 65.
Ne6+ 1-0

[Event "FIDE World Senior Team Championship 2020"]
[Site "Olympik hotel, Sokolovska 138, Prague"]
[Date "2020.03.09"]
[Round "4.7.1"]
[White "Vogt, Lothar"]
[Black "Beilfuss, Wilfried, Dr."]
[Result "1-0"]
[WhiteElo "2352"]
[BlackElo "2205"]
[PlyCount "45"]
[WhiteTeam "GER6"]
[BlackTeam "GER9"]
[EventDate "2020.03.06"]

1. e4 c5 2. Nf3 e6 3. d4 cxd4 4. Nxd4 a6 5. Bd3 Nf6 6. O-O Qc7 7. Qe2 d6 8. c4
g6 9. Nc3 Bg7 10. Be3 O-O 11. Rac1 b6 12. f3 Bb7 13. Rfd1 Nbd7 14. Qf2 Rac8 15.
Bf1 Qb8 16. b4 Ne5 17. Na4 Nfd7 18. h3 Ba8 19. a3 Rfe8 20. Nb3 Nxc4 21. Bxc4 b5
22. Ba7 Qb7 23. Bf1 1-0